<?xml version="1.0" encoding="UTF-8"?>
<collection xmlns="http://www.loc.gov/MARC21/slim">
 <record>
  <leader>02271nam a2200217Ia 4500</leader>
  <controlfield tag="001">CTU_168651</controlfield>
  <controlfield tag="008">210402s9999    xx            000 0 und d</controlfield>
  <datafield tag="020" ind1=" " ind2=" ">
   <subfield code="c">42000</subfield>
  </datafield>
  <datafield tag="082" ind1=" " ind2=" ">
   <subfield code="a">791.43</subfield>
  </datafield>
  <datafield tag="082" ind1=" " ind2=" ">
   <subfield code="b">M200</subfield>
  </datafield>
  <datafield tag="245" ind1=" " ind2="0">
   <subfield code="a">Mẹ vắng nhà :</subfield>
  </datafield>
  <datafield tag="245" ind1=" " ind2="0">
   <subfield code="b">phim truyện Việt Nam</subfield>
  </datafield>
  <datafield tag="245" ind1=" " ind2="0">
   <subfield code="c">Nguyễn Thi, Nguyễn Khánh Dư (Kịch bản và đạo diễn), Phạm Ngọc Lan (quay phim), Chu Minh (âm nhạc)</subfield>
  </datafield>
  <datafield tag="260" ind1=" " ind2=" ">
   <subfield code="a">Hà Nội</subfield>
  </datafield>
  <datafield tag="260" ind1=" " ind2=" ">
   <subfield code="b">Hãng phim truyện Việt Nam</subfield>
  </datafield>
  <datafield tag="260" ind1=" " ind2=" ">
   <subfield code="c">1979</subfield>
  </datafield>
  <datafield tag="520" ind1=" " ind2=" ">
   <subfield code="a">Câu chuyện kể về những đứa con của người mẹ miền Nam đang đi chiến đấu. Chúng ở nhà, lo cho nhau, chơi với nhau, cãi lộn nhau và ngóng mẹ trở về. Nắng đứng ngọn, gió ngoài sông Hậu thổi vào lồng lộng. Con chị cả tên là Bé leo lên ngọn dừa và dòm ra xa, nó chờ nghe tiếng súng nổ. Bốn đứa em đứng dưới ngóng tin chị. Thằng Hiển thì cởi truồng. Con Anh leo lên cây bình bát. Con Thanh ráng sức bồng thằng em út. Bọn trẻ chờ tiếng súng nơi mặt trận của má và các cô. Cả 4 đứa đều ríu ran: “Thấy má không chị Hai? Mẹ sắp về heng chị Hai? Thấy má rồi heng chị Hai? Chị Hai không nói mừ…”. Câu chuyện không dài, nhưng sinh động, hóm hỉnh, náo nhiệt, nhân vật nào ra nhân vật ấy. Một con Bé ra dáng đàn chị, đảm đang, tháo vát. Con Anh đanh đá, đành hanh. Con Thanh hiền lành, chịu khó. Thằng cu Hiển lí lắc, hồn nhiên, tranh giành má với con Anh. Những nhân vật ấy giờ hiển hiện qua ngòi bút của nữ họa sĩ Chihiro Iwasaki. Ngây thơ, trong sáng, hồn nhiên đến thắt lòng.</subfield>
  </datafield>
  <datafield tag="650" ind1=" " ind2=" ">
   <subfield code="a">War stories,Câu chuyện chiến tranh,Short stories, Vietnamese,Phim truyện,Truyện ngắn Việt Nam,Feature films</subfield>
  </datafield>
  <datafield tag="650" ind1=" " ind2=" ">
   <subfield code="y">20 century,Thế kỷ 20</subfield>
  </datafield>
  <datafield tag="904" ind1=" " ind2=" ">
   <subfield code="i">Năm</subfield>
  </datafield>
  <datafield tag="980" ind1=" " ind2=" ">
   <subfield code="a">Trung tâm Học liệu Trường Đại học Cần Thơ</subfield>
  </datafield>
 </record>
</collection>
